000 00720nas a2200241 4500
001 BR7704273
003 BR-BrBNA
005 20231205083222.0
007 ta
008 230509b bl.|||p| |||| 00| 00por d
040 _aBR-BrBNA
_bpor
_cBiblioteca Nacional de Agricultura
041 _a(Pt)
072 _aL10
100 1 _aPires, R.M.L.
100 1 _aPires, F.L.
100 1 _aNaufel, F.
245 1 _aAspectos de eficiencia reprodutiva de um plantel da raca guzera
650 _aGADO GUZERA
650 _aEFICIENCIA REPRODUTIVA
773 0 _tBoletim de Industria Animal (Brazil)
_xISSN 0067-9615
_g(Jul 1977), v. 34(2) p. 237-242
_wBR7704273
909 _a202311
_bLúcia
_c55
_dLúcia Elande
942 _2AGRIS
_n0
_cANA
999 _c97235
_d97235